000 00568nam a2200205Ia 4500
001 69817
008 151205s9999||||xx |||||||||||||| ||und||
020 _a9788126542635
040 _cPK-LaUMT
082 _a519.502462
_bMON-E
100 _aMontgomery, Douglas C.
245 _aEngineering statistics
_cMontgomery, Douglas C.|Runger, George C.|Hubbele, Norma Faris
250 _a5th
260 _aHoboken,USA:
_bJohn Wiley & Sons Inc.,
_c2012
300 _a515 p.
546 _aEN
700 _aHubbele, Norma Faris
700 _aRunger, George C.
942 _cBK
999 _c80296
_d80296